[Event "ch-FRA w 2014"]
[Site "Nimes FRA"]
[Date "2014.08.20"]
[Round "4.3"]
[White "Leconte, Maria"]
[Black "Delorme, Laurie"]
[Result "0-1"]
[WhiteTitle "WGM"]
[BlackTitle "WIM"]
[WhiteElo "2206"]
[BlackElo "2151"]
[WhiteFideId "618446"]
[BlackFideId "630829"]
[EventDate "2014.08.17"]

1. d4 d5 2. c4 e6 3. Nc3 Nf6 4. e3 c6 5. Nf3 Nbd7 6. Qc2 Bd6 7. b3 O-O 8. Bb2 e5
9. Be2 e4 10. Nd2 Re8 11. cxd5 cxd5 12. Nb5 Nf8 13. Rc1 Bg4 14. Bxg4 Nxg4 15. h3
Qh4 16. O-O Bh2+ 17. Kh1 Bb8 18. Nc7 Bxc7 19. Qxc7 Ne6 20. Qxb7 Nxf2+ 21. Kh2
Ng4+ 22. Kg1 Nxe3 23. Qxf7+ Kh8 24. Qf2 Qxf2+ 25. Rxf2 Rac8 26. Rxc8 Rxc8 27.
Nf1 Nd1 28. Rd2 Nxb2 29. Rxb2 Rc1 30. Rd2 Nf4 31. Rf2 e3 32. Rxf4 Kg8 33. Rf2
exf2+ 34. Kxf2 Rc2+ 35. Kf3 Rxa2 36. Ne3 Rb2 37. Nxd5 Rxb3+ 38. Ke4 a5 39. Ne7+
Kf7 40. Nc6 a4 41. d5 a3 42. d6 Ke8 43. Ke5 a2 44. Ke6 Re3+ 0-1

[Event "ch-FRA w 2014"]
[Site "Nimes FRA"]
[Date "2014.08.20"]
[Round "4.4"]
[White "Skripchenko, Almira"]
[Black "Maisuradze, Nino"]
[Result "1/2-1/2"]
[WhiteTitle "IM"]
[BlackTitle "WGM"]
[WhiteElo "2438"]
[BlackElo "2291"]
[WhiteFideId "13900145"]
[BlackFideId "13601717"]
[EventDate "2014.08.17"]

1. e4 c5 2. Nf3 a6 3. c3 d5 4. exd5 Nf6 5. d4 cxd4 6. cxd4 Nxd5 7. Nc3 Nc6 8.
Bc4 Be6 9. Bb3 Nxc3 10. bxc3 Bxb3 11. axb3 e6 12. O-O Be7 13. Bf4 O-O 14. Re1 b5
15. Ne5 Nxe5 16. Bxe5 Bf6 17. b4 Qd5 18. Qg4 Bxe5 19. Rxe5 Qb3 20. Rc5 a5 21.
bxa5 Rxa5 22. Re1 Rfa8 23. Qe4 h6 24. h3 b4 25. Rb1 Qa3 26. cxb4 Ra4 27. Rbc1
Rf8 28. b5 Qb4 29. Rc8 Qxb5 30. R1c5 Qd7 31. Qc2 Qxd4 32. Rxf8+ Kxf8 33. Rc8+
Ke7 34. Qc7+ Qd7 35. Qc3 Ra7 36. f4 f6 37. h4 Kf7 38. Qc5 Qd1+ 39. Kh2 Re7 40.
f5 exf5 41. Qxf5 Qd6+ 42. g3 Qd2+ 43. Kh3 Qd1 44. Rc2 g6 45. Qc5 Qh1+ 46. Rh2
Qf1+ 47. Rg2 Qh1+ 48. Rh2 Qf1+ 49. Rg2 Qh1+ 1/2-1/2

[Event "ch-FRA w 2014"]
[Site "Nimes FRA"]
[Date "2014.08.20"]
[Round "4.5"]
[White "Milliet, Sophie"]
[Black "Navrotescu, Andreea-Cristiana"]
[Result "1-0"]
[WhiteTitle "IM"]
[BlackTitle "WFM"]
[WhiteElo "2385"]
[BlackElo "2208"]
[WhiteFideId "623725"]
[BlackFideId "675946"]
[EventDate "2014.08.17"]

1. e4 c5 2. Nf3 d6 3. Bb5+ Bd7 4. Bxd7+ Qxd7 5. O-O Nc6 6. c3 Nf6 7. d4 Nxe4 8.
d5 Ne5 9. Re1 Nxf3+ 10. Qxf3 Nf6 11. Na3 e6 12. Bg5 Be7 13. dxe6 fxe6 14. Qe2 e5
15. f4 O-O 16. fxe5 dxe5 17. Rad1 Qf5 18. Qxe5 Qxe5 19. Rxe5 Rae8 20. Rde1 Bd6
21. Bxf6 Bxe5 22. Bxe5 Rd8 23. Nc4 Rfe8 24. a4 Re6 25. Bg3 Rxe1+ 26. Bxe1 Kf7
27. Kf2 Ke6 28. Ke3 Kd5 29. Kd3 Kc6+ 30. Ke4 Re8+ 31. Ne5+ Kd6 32. Bg3 g6 33.
Kd3 Kd5 34. Nc4 b6 35. b4 cxb4 36. cxb4 Rd8 37. Ne5 a6 38. Nf3 b5 39. axb5 axb5
40. Nd4 Rc8 41. Nxb5 Rc1 42. Nc3+ Kc6 43. b5+ Kb7 44. Be5 Rg1 45. g3 g5 46. Ke4
Rg2 47. Kf5 Rxh2 48. Kxg5 Rh3 49. Kg4 Rh1 50. Bd4 Rh6 51. Ne4 Rg6+ 52. Kf5 Rg8
53. g4 Rd8 54. Nc5+ Kc8 55. Be3 Rd5+ 56. Ke4 Rd6 57. Nd3 Re6+ 58. Ne5 Kc7 59.
Kf5 Kd6 60. Nc4+ Kd7 61. b6 Re8 62. Ne5+ Kd6 63. Bf4 Kc5 64. b7 Kb6 65. b8=Q+ 1-0

[Event "ch-FRA w 2014"]
[Site "Nimes FRA"]
[Date "2014.08.20"]
[Round "4.6"]
[White "Collas, Silvia"]
[Black "Malassagne, Isabelle"]
[Result "1-0"]
[WhiteTitle "IM"]
[WhiteElo "2316"]
[BlackElo "2122"]
[WhiteFideId "2902265"]
[BlackFideId "20670265"]
[EventDate "2014.08.17"]

1. c4 Nf6 2. g3 g6 3. Bg2 d5 4. cxd5 Nxd5 5. Nc3 Nb6 6. h4 h5 7. d3 Bg7 8. Be3
Nc6 9. Qd2 Nd4 10. Rc1 c6 11. Nh3 O-O 12. Bh6 e5 13. Bxg7 Kxg7 14. Ng5 Qe7 15.
O-O f6 16. Nge4 Bg4 17. Rfe1 Rad8 18. b3 Qb4 19. Qb2 a5 20. Rb1 Qe7 21. a3 Rf7
22. b4 axb4 23. axb4 Nd7 24. Ra1 Nf8 25. Nd1 Nxe2+ 26. Rxe2 Bxe2 27. Qxe2 Qxb4
28. Bh3 Qd4 29. Ra3 Nd7 30. Qc2 Re7 31. Ne3 Qb4 32. Rb3 Qe1+ 33. Kg2 Nb8 34. Nc5
f5 35. Rb1 Qa5 36. Nxb7 1-0

[Event "ch-FRA w 2014"]
[Site "Nimes FRA"]
[Date "2014.08.21"]
[Round "5.1"]
[White "Navrotescu, Andreea-Cristiana"]
[Black "Skripchenko, Almira"]
[Result "0-1"]
[WhiteTitle "WFM"]
[BlackTitle "IM"]
[WhiteElo "2208"]
[BlackElo "2438"]
[WhiteFideId "675946"]
[BlackFideId "13900145"]
[EventDate "2014.08.17"]

1. c4 e5 2. g3 Nc6 3. Bg2 g6 4. Nc3 Bg7 5. e4 d6 6. Nge2 Nh6 7. d3 O-O 8. h4 Nd4
9. Nxd4 exd4 10. Ne2 Ng4 11. h5 c6 12. Nf4 Re8 13. hxg6 hxg6 14. Bh3 Nf6 15. Kf1
d5 16. f3 Qd6 17. Kg2 Bxh3+ 18. Nxh3 dxc4 19. dxc4 d3 20. Nf4 Rad8 21. Be3 Qb4
22. Qb3 Qxb3 23. axb3 g5 24. Nh5 Nxh5 25. Rxh5 g4 26. Rd1 gxf3+ 27. Kxf3 Bxb2
28. Rg5+ Bg7 29. Bxa7 f6 30. Rg4 Kf7 31. Be3 Bf8 32. Bd2 b5 33. Bc3 b4 34. Bb2
Bh6 35. Rh4 Bg5 36. Rh7+ Kg6 37. Rc7 d2 38. Rxc6 Rd3+ 39. Kf2 Rxb3 40. Bxf6 Bxf6
41. Rxd2 Kf7 42. Rdd6 Bg7 43. Rd7+ Re7 44. Rxe7+ Kxe7 45. Rc7+ Kf8 46. c5 Rc3
47. c6 b3 48. Rb7 Rc2+ 49. Ke3 b2 50. c7 Rxc7 0-1

[Event "ch-FRA w 2014"]
[Site "Nimes FRA"]
[Date "2014.08.21"]
[Round "5.2"]
[White "Delorme, Laurie"]
[Black "Collas, Silvia"]
[Result "0-1"]
[WhiteTitle "WIM"]
[BlackTitle "IM"]
[WhiteElo "2151"]
[BlackElo "2316"]
[WhiteFideId "630829"]
[BlackFideId "2902265"]
[EventDate "2014.08.17"]

1. d4 Nf6 2. c4 e5 3. dxe5 Ng4 4. Nc3 Nxe5 5. e3 Nbc6 6. Nh3 a5 7. Nf4 Bc5 8.
Nfd5 Nb4 9. b3 d6 10. Bb2 Bf5 11. Nxb4 axb4 12. Nb5 Qe7 13. Be2 O-O 14. O-O Be4
15. Nd4 f5 16. f3 Bc6 17. Nc2 Rae8 18. Bd4 Rf6 19. Qd2 Rg6 20. Rf2 Qh4 21. Nxb4
Bxf3 22. Bxf3 Bxb4 23. Qxb4 Qxf2+ 24. Kxf2 Nd3+ 25. Ke2 Nxb4 26. Bxb7 Nc2 27.
Rd1 c5 28. Kd3 Nb4+ 29. Kc3 Nxa2+ 30. Kb2 cxd4 31. Kxa2 dxe3 32. Re1 Rg4 33. Kb2
Rf4 34. Bf3 g5 35. Kc3 Rh4 36. h3 h5 37. Kd3 f4 38. b4 g4 39. Bd5+ Kg7 40. hxg4
hxg4 41. b5 Kf6 42. b6 Rh7 43. b7 Rhe7 44. Bc6 Rb8 45. Rb1 Kg5 46. Ke2 Kh4 47.
Rh1+ Kg3 48. Rb1 Re5 49. Rb4 Ra5 50. Be4 Ra2+ 51. Kd3 e2 52. Rb1 Kf2 53. Kd4 0-1

[Event "ch-FRA w 2014"]
[Site "Nimes FRA"]
[Date "2014.08.21"]
[Round "5.3"]
[White "Safranska, Anda"]
[Black "Milliet, Sophie"]
[Result "1/2-1/2"]
[WhiteTitle "WGM"]
[BlackTitle "IM"]
[WhiteElo "2258"]
[BlackElo "2385"]
[WhiteFideId "11600209"]
[BlackFideId "623725"]
[EventDate "2014.08.17"]

1. e4 d6 2. Bc4 Nf6 3. d3 e6 4. Bb3 d5 5. e5 Nfd7 6. d4 c5 7. c3 Nc6 8. Ne2 Nb6
9. O-O Bd7 10. f4 cxd4 11. cxd4 g6 12. Nbc3 Ne7 13. Bc2 h5 14. g3 Nf5 15. Rb1
Nc4 16. Rf3 Rc8 17. h3 a6 18. b3 Na5 19. Be3 Nc6 20. Qd2 Bb4 21. Bf2 Qa5 22.
Bxf5 gxf5 23. Rc1 Na7 24. Qd1 Ba3 25. Rc2 Ke7 26. Be1 Qb6 27. b4 Qc6 28. Nxd5+
Qxd5 29. Rxa3 Rxc2 30. Qxc2 Bc6 31. Qc5+ Kd7 32. Qxd5+ Bxd5 33. Nc3 Nb5 34. Nxb5
axb5 35. Kf2 Rc8 36. Rc3 Rxc3 37. Bxc3 Bxa2 38. g4 fxg4 39. hxg4 hxg4 40. Kg3
Kc6 41. Kxg4 Kd5 42. Kg5 Bb1 43. Be1 Kxd4 44. Bd2 Bg6 45. Be1 Kc4 1/2-1/2

[Event "ch-FRA w 2014"]
[Site "Nimes FRA"]
[Date "2014.08.21"]
[Round "5.5"]
[White "Malassagne, Isabelle"]
[Black "Haussernot, Cecile"]
[Result "1-0"]
[BlackTitle "WFM"]
[WhiteElo "2122"]
[BlackElo "2101"]
[WhiteFideId "20670265"]
[BlackFideId "601632"]
[EventDate "2014.08.17"]

1. e4 c5 2. Nf3 d6 3. Bb5+ Nd7 4. O-O Nf6 5. Re1 a6 6. Bf1 e5 7. c3 Be7 8. a4
O-O 9. d4 Qc7 10. Na3 Rb8 11. Bg5 h6 12. Bh4 Rd8 13. d5 Nf8 14. Bxf6 Bxf6 15. h3
Ng6 16. Rc1 Bd7 17. b4 b5 18. a5 Nf4 19. Kh2 Qc8 20. Nc2 g5 21. Ne3 h5 22. Ng1
Kg7 23. g3 Ng6 24. Qxh5 Rh8 25. Qf3 g4 26. Nf5+ Bxf5 27. Qxf5 Qxf5 28. exf5 Ne7
29. Re4 gxh3 30. bxc5 dxc5 31. Rg4+ Kf8 32. c4 bxc4 33. Rgxc4 Nxf5 34. Rxc5 Kg7
35. Bxa6 Nd4 36. Rc8 Rb2 37. Rxh8 Rxf2+ 38. Kxh3 Kxh8 39. Bc4 Be7 40. a6 Bc5 41.
d6 Rf6 42. Bd3 Bb6 43. Rc8+ Kg7 44. d7 Ne6 45. Bc4 Ng5+ 46. Kh4 Kg6 47. Rg8+ Kh6
48. d8=Q Bxd8 49. Rxd8 1-0

[Event "ch-FRA w 2014"]
[Site "Nimes FRA"]
[Date "2014.08.21"]
[Round "5.6"]
[White "Congiu, Mathilde"]
[Black "Leconte, Maria"]
[Result "1/2-1/2"]
[WhiteTitle "WIM"]
[BlackTitle "WGM"]
[WhiteElo "2318"]
[BlackElo "2206"]
[WhiteFideId "634581"]
[BlackFideId "618446"]
[EventDate "2014.08.17"]

1. e4 c5 2. Nf3 Nc6 3. Bb5 Nf6 4. Nc3 g6 5. h3 Bg7 6. e5 Ng8 7. O-O Nh6 8. d4
cxd4 9. Nxd4 O-O 10. Re1 a6 11. Ba4 b5 12. Bb3 Bb7 13. Bg5 Kh8 14. Nd5 Ng8 15.
Nf3 Na5 16. Qd3 Nxb3 17. axb3 h6 18. Bd2 Bxd5 19. Qxd5 Qc8 20. Bc3 Ra7 21. Bd4
Rc7 22. c3 Rc6 23. b4 d6 24. exd6 Rxd6 25. Bxg7+ Kxg7 26. Qe5+ f6 27. Qe4 e5 28.
Nh4 Ne7 29. f4 Re6 30. Nxg6 Nxg6 31. f5 Rd6 32. fxg6 Rfd8 33. h4 h5 34. Rf1 Qc4
35. Qb7+ R8d7 36. Qa8 Qc6 37. Qxc6 Rxc6 38. Rfd1 Rcd6 39. Rxd6 Rxd6 40. Kf1 1/2-1/2

[Event "ch-FRA w 2014"]
[Site "Nimes FRA"]
[Date "2014.08.23"]
[Round "6.1"]
[White "Congiu, Mathilde"]
[Black "Maisuradze, Nino"]
[Result "1/2-1/2"]
[WhiteTitle "WIM"]
[BlackTitle "WGM"]
[WhiteElo "2318"]
[BlackElo "2291"]
[WhiteFideId "634581"]
[BlackFideId "13601717"]
[EventDate "2014.08.17"]

1. e4 c5 2. Nf3 e6 3. d4 cxd4 4. Nxd4 a6 5. Bd3 g6 6. O-O Bg7 7. Nf3 Nc6 8. c4
Nge7 9. Nc3 O-O 10. Bg5 h6 11. Bh4 d6 12. Be2 Qb6 13. Qd2 Rd8 14. Rfd1 Rd7 15.
Rab1 Qd8 16. Bg3 e5 17. Nd5 Nxd5 18. cxd5 Ne7 19. Ne1 Qb6 20. Kh1 f5 21. exf5
Nxf5 22. Bd3 Rf7 23. f3 Nxg3+ 24. hxg3 Bf5 25. g4 Bxd3 26. Qxd3 Kh7 27. Rdc1 Re8
28. Rc4 Qf2 29. Re4 Bf6 30. Qe2 Qg3 31. Nd3 Qh4+ 32. Kg1 Bd8 33. Qe3 Qe7 34. Kf2
Kg7 35. Rc1 Qh4+ 36. Kg1 Bg5 37. Qe1 Qxe1+ 38. Rcxe1 Rc8 39. R1e2 Rfc7 40. g3
Rc4 1/2-1/2

[Event "ch-FRA w 2014"]
[Site "Nimes FRA"]
[Date "2014.08.23"]
[Round "6.2"]
[White "Skripchenko, Almira"]
[Black "Safranska, Anda"]
[Result "0-1"]
[WhiteTitle "IM"]
[BlackTitle "WGM"]
[WhiteElo "2438"]
[BlackElo "2258"]
[WhiteFideId "13900145"]
[BlackFideId "11600209"]
[EventDate "2014.08.17"]

1. e4 g6 2. d4 Bg7 3. Nc3 c6 4. f4 d5 5. e5 Nh6 6. Be3 f6 7. Qd2 Ng4 8. O-O-O
Nxe3 9. Qxe3 Bg4 10. Be2 Bxe2 11. Ncxe2 f5 12. g4 e6 13. gxf5 gxf5 14. Qh3 Qe7
15. Nf3 Nd7 16. Rhg1 O-O-O 17. Ng5 Nf8 18. Rg3 Ng6 19. Rdg1 Rdg8 20. Nf3 Qf8 21.
Ng5 Qe7 22. Kb1 Bf8 23. Rc1 Kb8 24. a3 Rg7 25. Rcg1 Rhg8 26. Qh5 a6 27. Ka2 Ka7
28. Kb1 Kb8 29. Kc1 Ka7 30. Kd2 Qd7 31. b4 Be7 32. Nf3 Bd8 33. Ne1 Qf7 34. Nd3
Be7 35. a4 Bf8 36. Qh3 b6 37. Nec1 Be7 38. Nb3 Nh4 39. Ke3 Ng6 40. Qf1 Qf8 41.
c3 Nh4 42. a5 b5 43. Nbc5 Qf7 44. Qh3 Ng6 45. Qh6 Bf8 46. Qh3 Qe7 47. Ne1 Qe8
48. Nf3 Bxc5 49. dxc5 Re7 50. Qh6 Qd7 51. Nd4 Rc8 52. h4 Rf7 53. h5 Nxe5 54. Rg7
Ng4+ 55. R1xg4 fxg4 56. Rg5 Kb7 57. Re5 Rg8 58. Kf2 Qe7 59. Kg3 Rf6 0-1

[Event "ch-FRA w 2014"]
[Site "Nimes FRA"]
[Date "2014.08.23"]
[Round "6.3"]
[White "Milliet, Sophie"]
[Black "Malassagne, Isabelle"]
[Result "1/2-1/2"]
[WhiteTitle "IM"]
[WhiteElo "2385"]
[BlackElo "2122"]
[WhiteFideId "623725"]
[BlackFideId "20670265"]
[EventDate "2014.08.17"]

1. e4 e5 2. Nf3 Nc6 3. Nc3 Nf6 4. Be2 d5 5. exd5 Nxd5 6. O-O Nxc3 7. bxc3 Bd6 8.
d4 O-O 9. Re1 exd4 10. cxd4 h6 11. Rb1 b6 12. Bd3 Re8 13. c3 Na5 14. Bd2 c5 15.
Rxe8+ Qxe8 16. Nh4 Qe7 17. Qh5 Qf6 18. Re1 Bd7 19. Nf3 Re8 20. Rxe8+ Bxe8 21.
Qg4 Qe6 22. Qxe6 fxe6 23. dxc5 Bxc5 24. Nd4 Bf7 25. Nb3 Nxb3 26. axb3 a5 27. Bb5
e5 28. c4 Bg6 29. Kf1 Bd3+ 30. Ke1 Bb4 31. Bxb4 axb4 32. Kd2 Bf5 33. Bc6 Kf7 34.
Bf3 Ke6 35. Be2 Kd6 36. Bd3 Bd7 37. Ke3 Bc6 38. Be4 Be8 39. h4 Bh5 40. f3 Be8
41. Bd3 Bf7 42. Bc2 1/2-1/2

[Event "ch-FRA w 2014"]
[Site "Nimes FRA"]
[Date "2014.08.23"]
[Round "6.4"]
[White "Leconte, Maria"]
[Black "Collas, Silvia"]
[Result "1-0"]
[WhiteTitle "WGM"]
[BlackTitle "IM"]
[WhiteElo "2206"]
[BlackElo "2316"]
[WhiteFideId "618446"]
[BlackFideId "2902265"]
[EventDate "2014.08.17"]

1. e4 g6 2. d4 Bg7 3. c4 c5 4. Nf3 Qb6 5. dxc5 Qxc5 6. Be2 Nf6 7. Nc3 Ng4 8. O-O
Bxc3 9. bxc3 f6 10. Nd4 Ne5 11. Qa4 Nec6 12. Nb5 Na6 13. Be3 Qe5 14. c5 g5 15.
Rad1 O-O 16. Rd5 Qb8 17. f4 b6 18. fxg5 Nxc5 19. Bxc5 bxc5 20. gxf6 a6 21. Na3
Rxf6 22. Rg5+ Kh8 23. Qc4 Bb7 24. Rxf6 exf6 25. Rf5 Qf8 26. Qxc5 d6 27. Qf2 Ne5
28. Rxf6 Qg7 29. Nc4 Bxe4 30. Nxd6 Bc6 31. Nf7+ Nxf7 32. Rxf7 Qxc3 33. Rf8+ Kg7
34. Qf7+ Kh6 35. Qh5+ Kg7 36. Rf7+ 1-0

[Event "ch-FRA w 2014"]
[Site "Nimes FRA"]
[Date "2014.08.23"]
[Round "6.5"]
[White "Bollengier, Andreea"]
[Black "Navrotescu, Andreea-Cristiana"]
[Result "1-0"]
[WhiteTitle "WIM"]
[BlackTitle "WFM"]
[WhiteElo "2236"]
[BlackElo "2208"]
[WhiteFideId "1203347"]
[BlackFideId "675946"]
[EventDate "2014.08.17"]

1. d4 f5 2. c4 Nf6 3. g3 g6 4. Bg2 Bg7 5. Nc3 d6 6. d5 e5 7. dxe6 Nc6 8. Nh3
Bxe6 9. Nd5 O-O 10. Ng5 Bd7 11. Rb1 h6 12. Nxf6+ Bxf6 13. Nf3 g5 14. h4 g4 15.
Nh2 Kh7 16. Bf4 h5 17. Qd2 Qe7 18. Nf1 Nd4 19. Ne3 Bc6 20. Bd5 Bxd5 21. cxd5 Qe4
22. O-O Bxh4 23. Rbc1 Bf6 24. Rxc7+ Kg6 25. Bxd6 Rh8 26. Re1 Rad8 27. Ng2 Bg5
28. Bf4 Bf6 29. d6 h4 30. gxh4 Bxh4 31. Qe3 Qd5 32. Qe5 Bxf2+ 33. Kxf2 g3+ 34.
Bxg3 1-0

[Event "ch-FRA w 2014"]
[Site "Nimes FRA"]
[Date "2014.08.23"]
[Round "6.6"]
[White "Haussernot, Cecile"]
[Black "Delorme, Laurie"]
[Result "0-1"]
[WhiteTitle "WFM"]
[BlackTitle "WIM"]
[WhiteElo "2101"]
[BlackElo "2151"]
[WhiteFideId "601632"]
[BlackFideId "630829"]
[EventDate "2014.08.17"]

1. d4 d5 2. Nc3 Nf6 3. Bf4 c5 4. e3 cxd4 5. exd4 a6 6. Nf3 Bg4 7. h3 Bxf3 8.
Qxf3 Nc6 9. O-O-O e6 10. g4 Be7 11. g5 Nd7 12. h4 Qa5 13. Kb1 Rc8 14. h5 Nb4 15.
Bd2 Rxc3 16. Bxc3 Qxa2+ 17. Kc1 Bxg5+ 0-1

[Event "ch-FRA w 2014"]
[Site "Nimes FRA"]
[Date "2014.08.24"]
[Round "7.1"]
[White "Safranska, Anda"]
[Black "Bollengier, Andreea"]
[Result "1/2-1/2"]
[WhiteTitle "WGM"]
[BlackTitle "WIM"]
[WhiteElo "2258"]
[BlackElo "2236"]
[WhiteFideId "11600209"]
[BlackFideId "1203347"]
[EventDate "2014.08.17"]

1. e4 d5 2. exd5 Qxd5 3. Nc3 Qa5 4. g3 Nf6 5. Bg2 c6 6. Nge2 Bf5 7. b4 Qc7 8.
Rb1 a6 9. a4 e6 10. b5 axb5 11. axb5 Be7 12. bxc6 bxc6 13. O-O O-O 14. d3 Ra6
15. h3 h6 16. Nd4 Bg6 17. Qe2 Nbd7 18. Bd2 Bc5 19. Nb3 Bd6 20. Ne4 Nxe4 21. dxe4
Ra2 22. Be3 e5 23. Rfd1 Be7 24. h4 Nf6 25. Qc4 Rfa8 26. f3 Nd7 27. Nc1 R2a4 28.
Qc3 Ra3 29. Rb3 f6 30. Bh3 Nf8 31. Bf1 Bf7 32. Bc4 Ne6 33. Rxa3 Rxa3 34. Nb3 c5
35. Ra1 Rxa1+ 36. Qxa1 Nd4 37. Bxf7+ Kxf7 38. Qd1 Qb6 39. Kg2 Qb5 40. Kf2 Qc4
41. Bxd4 cxd4 42. Qd3 Qxd3 43. cxd3 h5 44. Nd2 g6 45. Nc4 Ke6 46. g4 Bf8 47.
gxh5 gxh5 48. f4 exf4 49. Kf3 Bh6 50. Nb6 f5 51. Nc4 Kf6 52. Nd6 fxe4+ 53. Kxe4
f3 54. Kxf3 Ke6 55. Ne4 Bf8 56. Kf4 Bh6+ 57. Kf3 Bf8 58. Ng3 Be7 59. Ke4 Bxh4
60. Nxh5 Bf2 61. Ng7+ Kd6 62. Nf5+ Ke6 63. Nh6 Be3 64. Ng4 Bg1 65. Nh6 1/2-1/2

[Event "ch-FRA w 2014"]
[Site "Nimes FRA"]
[Date "2014.08.24"]
[Round "7.2"]
[White "Maisuradze, Nino"]
[Black "Leconte, Maria"]
[Result "1-0"]
[WhiteTitle "WGM"]
[BlackTitle "WGM"]
[WhiteElo "2291"]
[BlackElo "2206"]
[WhiteFideId "13601717"]
[BlackFideId "618446"]
[EventDate "2014.08.17"]

1. d4 e6 2. c4 f5 3. g3 Nf6 4. Bg2 c6 5. Nf3 d5 6. O-O Bd6 7. b3 Qe7 8. Bb2 O-O
9. Ne5 b6 10. Nd2 Bb7 11. Re1 Nbd7 12. cxd5 exd5 13. Ndf3 Ng4 14. Nxd7 Qxd7 15.
e3 Qe6 16. Rc1 Rac8 17. Qd3 Rc7 18. Rc2 h6 19. Rec1 g5 20. Ne5 Rfc8 21. Nxg4
fxg4 22. e4 dxe4 23. Bxe4 Ba6 24. Bf5 Bxd3 25. Bxe6+ Kf8 26. Rc3 Re8 27. Bxg4
Be4 28. Bf3 c5 29. Ba3 Bxf3 30. Rxf3+ Kg7 31. dxc5 bxc5 32. Rd3 Bf8 33. Rdc3 Re2
34. R1c2 Rxc2 35. Rxc2 Kf6 36. Rc4 Ke5 37. h4 gxh4 38. Rxh4 Rc6 39. Bb2+ Kd5 40.
Rh5+ Ke6 41. Re5+ Kd7 42. Ba3 Bd6 43. Rh5 Bf8 44. Kg2 Be7 45. Bc1 Ra6 46. Be3
Rxa2 47. Bxc5 Bxc5 48. Rxc5 Ra3 49. b4 Ra4 50. Ra5 Rxb4 51. Rxa7+ Ke8 52. Ra6 h5
53. Rh6 Rb5 54. Rh7 Kf8 55. Kh3 Kg8 56. Rc7 Rb1 57. Rc5 Kg7 58. Rxh5 Kg6 59. Ra5
Rb6 60. Kg4 Rc6 61. f4 Rb6 62. Rg5+ Kh6 63. Rh5+ Kg7 64. Kg5 Rg6+ 65. Kh4 Ra6
66. g4 Rb6 67. f5 Ra6 68. Kg5 Ra5 69. Rh2 Ra4 70. f6+ Kf7 71. Rh7+ Kg8 72. Rg7+
Kh8 73. Rb7 Kg8 74. Kf5 Rc4 75. g5 Ra4 76. Kg6 1-0

[Event "ch-FRA w 2014"]
[Site "Nimes FRA"]
[Date "2014.08.24"]
[Round "7.3"]
[White "Delorme, Laurie"]
[Black "Milliet, Sophie"]
[Result "0-1"]
[WhiteTitle "WIM"]
[BlackTitle "IM"]
[WhiteElo "2151"]
[BlackElo "2385"]
[WhiteFideId "630829"]
[BlackFideId "623725"]
[EventDate "2014.08.17"]

1. d4 Nf6 2. c4 e6 3. Nc3 Bb4 4. a3 Bxc3+ 5. bxc3 O-O 6. e3 b6 7. Bd3 Bb7 8. f3
c5 9. Ne2 Nc6 10. O-O Rc8 11. e4 Ne8 12. Ng3 cxd4 13. cxd4 Nxd4 14. Bb2 Nc6 15.
e5 f5 16. exf6 Nxf6 17. f4 Qe7 18. Kh1 Na5 19. Qe2 Qc5 20. a4 Nxc4 21. Rfc1 Bd5
22. Ba3 Qd4 23. Rd1 Qxf4 24. Rf1 Qh4 25. Bxf8 Ng4 0-1

[Event "ch-FRA w 2014"]
[Site "Nimes FRA"]
[Date "2014.08.24"]
[Round "7.4"]
[White "Malassagne, Isabelle"]
[Black "Skripchenko, Almira"]
[Result "0-1"]
[BlackTitle "IM"]
[WhiteElo "2122"]
[BlackElo "2438"]
[WhiteFideId "20670265"]
[BlackFideId "13900145"]
[EventDate "2014.08.17"]

1. e4 g6 2. d4 Bg7 3. Nc3 d6 4. Be3 a6 5. h4 h6 6. Qd2 b5 7. f3 Nd7 8. Nge2 Bb7
9. h5 g5 10. Ng3 e6 11. O-O-O Ne7 12. Kb1 c5 13. dxc5 dxc5 14. f4 gxf4 15. Bxf4
b4 16. Nce2 Ne5 17. Qxd8+ Rxd8 18. Rxd8+ Kxd8 19. c3 N7c6 20. cxb4 cxb4 21. Nc1
Ke7 22. Nb3 Nd7 23. Be2 Be5 24. Bxe5 Ncxe5 25. Na5 Ba8 26. Bf3 Rg8 27. Nf1 Nxf3
28. gxf3 Ne5 29. Kc2 Nxf3 30. Kb3 Rb8 31. Ng3 Nd2+ 32. Ka4 Nxe4 0-1

[Event "ch-FRA w 2014"]
[Site "Nimes FRA"]
[Date "2014.08.24"]
[Round "7.5"]
[White "Navrotescu, Andreea-Cristiana"]
[Black "Congiu, Mathilde"]
[Result "0-1"]
[WhiteTitle "WFM"]
[BlackTitle "WIM"]
[WhiteElo "2208"]
[BlackElo "2318"]
[WhiteFideId "675946"]
[BlackFideId "634581"]
[EventDate "2014.08.17"]

1. d4 Nf6 2. c4 g6 3. Nc3 Bg7 4. e4 d6 5. Be2 O-O 6. Nf3 e5 7. Be3 exd4 8. Nxd4
c6 9. f3 Re8 10. Bf2 d5 11. exd5 cxd5 12. c5 Na6 13. Ndb5 Bf8 14. Nd6 Bxd6 15.
cxd6 Qxd6 16. O-O Be6 17. Bd4 Nh5 18. Qd2 Nb4 19. f4 Ng7 20. g4 f5 21. Nb5 Qe7
22. g5 Bf7 23. Rfe1 Nc6 24. Bf2 Ne6 25. Bf3 Qb4 26. Qxb4 Nxb4 27. Red1 Nxf4 28.
Nc7 Nh3+ 29. Kg2 Nxg5 30. Nxa8 Nxf3 31. Kxf3 Rxa8 32. Rac1 Nc6 33. a3 a6 34. h4
Be6 35. Kf4 h6 36. b4 Kf7 37. Bd4 Nxd4 38. Rxd4 Kf6 39. Rc7 g5+ 40. hxg5+ hxg5+
41. Kf3 Rh8 42. a4 g4+ 43. Kg2 Ke5 44. Rd1 d4 45. Re1+ Kf6 46. Rc5 Rd8 47. Rd1
Bd5+ 48. Kg3 Be4 49. Rd2 d3 50. b5 axb5 51. Rxb5 Kg5 52. Kf2 Kf4 0-1

[Event "ch-FRA w 2014"]
[Site "Nimes FRA"]
[Date "2014.08.24"]
[Round "7.6"]
[White "Collas, Silvia"]
[Black "Haussernot, Cecile"]
[Result "1-0"]
[WhiteTitle "IM"]
[BlackTitle "WFM"]
[WhiteElo "2316"]
[BlackElo "2101"]
[WhiteFideId "2902265"]
[BlackFideId "601632"]
[EventDate "2014.08.17"]

1. c4 e5 2. Nc3 Nc6 3. Nf3 g6 4. e3 Bg7 5. d4 d6 6. Be2 Nh6 7. d5 Ne7 8. h4 Bg4
9. Ng5 Bxe2 10. Qxe2 Qd7 11. Bd2 Ng4 12. h5 h6 13. Ne6 fxe6 14. Qxg4 exd5 15.
Qxd7+ Kxd7 16. cxd5 g5 17. Ke2 c6 18. dxc6+ bxc6 19. Ne4 Rab8 20. b4 Nd5 21.
Rab1 Rb6 22. Rb3 Rhb8 23. Rd3 Ke6 24. f3 Bf8 25. a3 c5 26. Rc1 Rc6 27. Be1 c4
28. Rdd1 Nb6 29. b5 Rc7 30. Nc3 d5 31. a4 Rd7 32. a5 Na8 33. Rb1 d4 34. exd4
exd4 35. Ne4 Nc7 36. Bb4 1-0

[Event "ch-FRA w 2014"]
[Site "Nimes FRA"]
[Date "2014.08.25"]
[Round "8.1"]
[White "Maisuradze, Nino"]
[Black "Navrotescu, Andreea-Cristiana"]
[Result "1-0"]
[WhiteTitle "WGM"]
[BlackTitle "WFM"]
[WhiteElo "2291"]
[BlackElo "2208"]
[WhiteFideId "13601717"]
[BlackFideId "675946"]
[EventDate "2014.08.17"]

1. d4 Nf6 2. c4 g6 3. Nc3 d5 4. Nf3 Bg7 5. e3 O-O 6. b4 b6 7. Qb3 dxc4 8. Bxc4
Bb7 9. Ba3 e6 10. Rd1 Nd5 11. Ne2 Ne7 12. b5 Re8 13. Ne5 Nf5 14. Nf4 Bxe5 15.
dxe5 Qg5 16. Bxe6 fxe6 17. Nxe6 Rxe6 18. Qxe6+ Kg7 19. Rg1 Nh4 20. Rd4 Nf3+ 21.
gxf3 Qxg1+ 22. Ke2 Qg5 23. Be7 Bxf3+ 24. Kxf3 Qf5+ 25. Qxf5 gxf5 26. e6 a6 27.
Rd8 1-0